000 00556nam a2200229Ia 4500
005 20250425162625.0
008 250425s9999 xx 000 0 und d
020 _a9978722289
041 _aspa
043 _aec
082 _a860.9866
100 _aCORNEJO, JUSTINO
245 0 _aOBRAS COMPLETAS DE JUSTINO CORNEJO (TOMO II)
250 _aS.E.
260 _aEcuador
_bBANCO CENTRAL DEL ECUADOR
_c1990
260 _aGUAYAQUIL
300 _a274
650 _aLITERATURA
650 _aLITERATURA ECUATORIANA
942 _c01
010 _a90838
999 _c233090
_d233090